• 首页
  • 本馆介绍
  • 公告通知
  • 最新文献
  • 馆藏检索
  • 电子资源
  • 读者导购
  • 参考咨询
  • 我的图书馆
  • 登录
  • 详细信息显示
  • 放入我的书架
  • 预约/预借图书
  • 作者相关作品
  • 分类相关作品
  • 丛书相关作品
  • 出版社相关作品

书目信息

  • 表格格式
  • 工作单格式
  • 卡片格式
题名:
天京之变
    
 
作者: 李晴 著
分册:  
出版信息: 广州   花城出版社  1981
页数: 290页
开本: 19cm
丛书名: 花城丛书
单 册:
中图分类: I247.5 , I242.4
科图分类:
主题词: 长篇小说--中国--现代 , 历史小说--中国--现代
电子资源:
ISBN:
000 00669oam2 2200265 450
001 1569132725
005 20150123172827.34
010    @dCNY0.68
091    @a10261.24
100    @a19950602d1981 em y0chiy0110 ea
101 0  @achi
102    @aCN@b440000
105    @af z 000ad
200 1  @a天京之变@9tian jing zhi bian@f李晴著
210    @a广州@c花城出版社@d1981
215    @a290页@c图@d19cm
225 2  @a花城丛书
461  0 @12001 @a花城丛书
606 0  @a长篇小说@y中国@z现代
606 0  @a历史小说@y中国@z现代
690    @aI247.5@v5
690    @aI242.4@v4
701  0 @a李晴@9li qing@4著
801  0 @aCN@bTSSF@c20150123
905    @aZUCC@dI242.4@eJY13
    
    天京之变/李晴著.-广州:花城出版社,1981
    290页:图;19cm.-(花城丛书)
    
    
    ISBN :CNY0.68
    
●
相关链接 在E读中查询图书 在五车中查询图书 在当当中查询图书 在豆瓣中查询图书


正题名:天京之变     索取号:I242.4/JY13         预约/预借

序号 登录号 条形码 馆藏地/架位号 状态 备注
1 7836061   278360612   学院路分馆/ [索取号:I242.4/JY13] 在馆    
2 7836062   278360621   学院路分馆/ [索取号:I242.4/JY13] 在馆    
3 7854672   278546726   学院路分馆/ [索取号:I242.4/JY13] 在馆    
4 7854688   278546888   学院路分馆/ [索取号:I242.4/JY13] 在馆    
唐山师范学院图书馆 欢迎您!
大连网信软件有限公司© 版权所有